Śabdaratnākaraḥ. (Record no. 71409)

MARC details
000 -LEADER
fixed length control field 01005cam a22002531 4500
001 - CONTROL NUMBER
control field sa 66007805
003 - CONTROL NUMBER IDENTIFIER
control field DLC
005 - DATE AND TIME OF LATEST TRANSACTION
control field 20260227112307.0
008 - FIXED-LENGTH DATA ELEMENTS--GENERAL INFORMATION
fixed length control field 881107s1965 ii d 000 0 san
010 ## - LIBRARY OF CONGRESS CONTROL NUMBER
LC control number sa 66007805
035 ## - SYSTEM CONTROL NUMBER
System control number (OCoLC)18720447
040 ## - CATALOGING SOURCE
Original cataloging agency DLC
Transcribing agency NRU
Modifying agency DLC
042 ## - AUTHENTICATION CODE
Authentication code premarc
050 00 - LIBRARY OF CONGRESS CALL NUMBER
Classification number PK933
Item number .V33
100 0# - MAIN ENTRY--PERSONAL NAME
Personal name Vāmana Bhaṭṭa Bāṇa,
Dates associated with a name active 15th century.
245 10 - TITLE STATEMENT
Title Śabdaratnākaraḥ.
Statement of responsibility, etc. Bāṇabhaṭṭa praṇịtaḥ. Tippaṇapariśiṣṭa-śabdānukramaṇikāsamlankr̥ataḥ. Bellikoṭha Rāmacandraśarmaṇā sampāditaḥ.
260 ## - PUBLICATION, DISTRIBUTION, ETC.
Place of publication, distribution, etc. [Darbhanga]
Name of publisher, distributor, etc. Mithilā Vidyāpīṭhapradhānena,
Date of publication, distribution, etc. 1965.
300 ## - PHYSICAL DESCRIPTION
Extent 11, 813 p.
Dimensions 25 cm.
490 0# - SERIES STATEMENT
Series statement Mithilā Vidyāpiṭha-granthamālā. Prāncīnācārya granthāvalī,
Volume/sequential designation puṣpam 16
500 ## - GENERAL NOTE
General note Added t.p. in English.
500 ## - GENERAL NOTE
General note In Sanskrit; foreword and critical notes in English.
650 #0 - SUBJECT ADDED ENTRY--TOPICAL TERM
Topical term or geographic name entry element Sanskrit language
General subdivision Dictionaries
-- English.
700 1# - ADDED ENTRY--PERSONAL NAME
Personal name Sharma, Bellikoth Ramachandra,
Dates associated with a name 1912-
Relator term ed.

No items available.

Powered by Koha